[Event "Madrid-chT 1819"]
[Site "Madrid"]
[Date "2019.02.24"]
[Round "11.6"]
[White "Suarez Triguero, Jose Alfonso"]
[Black "Ramos Orea, Tomas"]
[Result "1-0"]
[WhiteElo "2041"]
[BlackElo "1656"]
[PlyCount "65"]
[EventDate "2018.11.17"]
[EventType "team-tourn"]
[EventRounds "14"]
[EventCountry "ESP"]
[SourceTitle "CBM 189 Extra"]
[Source "ChessBase"]
[SourceDate "2019.05.31"]
[SourceVersion "1"]
[SourceVersionDate "2019.05.31"]
[SourceQuality "1"]
[WhiteTeam "Liberty Chess"]
[BlackTeam "San Fernando de Henares"]
[WhiteTeamCountry "ESP"]
[BlackTeamCountry "ESP"]

1. e4 e5 2. Bc4 Nc6 3. Nf3 d6 4. Nc3 Na5 5. Be2 Nf6 6. d4 exd4 7. Nxd4 Nc6 8. 0-0 Be7 9. Bf4 0-0 10. Nxc6 bxc6 11. e5 Ne8 12. Qd2 d5 13. Rfd1 g5 14. Be3 Ng7 15. Na4 f5 16. exf6 Bxf6 17. c4 Be6 18. Nc5 Bf7 19. Bd4 Bxd4 20. Qxd4 Re8 21. Bf1 Ne6 22. Nxe6 Bxe6 23. cxd5 Bxd5 24. Bc4 Qe7 25. Bxd5+ cxd5 26. Qxd5+ Kg7 27. Qd4+ Kh6 28. Rac1 Rad8 29. Rc6+ Rd6 30. Rxd6+ cxd6 31. Qxd6+ Kh5 32. Qxe7 Rxe7 33. Kf1 1-0

[Event "Madrid-chT 1718"]
[Site "Madrid"]
[Date "2017.12.03"]
[Round "3.36"]
[White "Suarez Triguero, Jose Alfonso"]
[Black "Vazquez Gonzalez, Jesus"]
[Result "1/2-1/2"]
[WhiteElo "2058"]
[BlackElo "1943"]
[PlyCount "66"]
[EventDate "2017.11.19"]
[EventType "team-tourn"]
[EventRounds "14"]
[EventCountry "ESP"]
[SourceTitle "EXT 2019"]
[Source "ChessBase"]
[SourceDate "2018.10.10"]
[SourceVersion "1"]
[SourceVersionDate "2018.10.10"]
[SourceQuality "1"]
[WhiteTeam "Liberty Chess"]
[BlackTeam "Villaverde"]
[WhiteTeamCountry "ESP"]
[BlackTeamCountry "ESP"]

1. e4 g6 2. Nf3 Bg7 3. d4 c5 4. c4 cxd4 5. Nxd4 Nc6 6. Be3 d6 7. Nc3 Nf6 8. Be2 0-0 9. 0-0 Bd7 10. Qd2 a6 11. f3 Rc8 12. Rac1 Nxd4 13. Bxd4 Be6 14. Nd5 Nxd5 15. exd5 Bxd4+ 16. Qxd4 Bd7 17. b4 a5 18. a3 b6 19. Rfd1 Qc7 20. Rd3 axb4 21. axb4 Ra8 22. Re3 e5 23. Qb2 Qa7 24. Rcc3 Qb7 25. Ra3 f6 26. Rxa8 Rxa8 27. Ra3 b5 28. Qa2 Rxa3 29. Qxa3 bxc4 30. Bxc4 Bb5 31. Bxb5 Qxb5 32. Qa5 Qe2 33. h3 Qe3+ 1/2-1/2

[Event "Madrid-chT 1617"]
[Site "Madrid"]
[Date "2017.03.05"]
[Round "12.36"]
[White "Shen, Yue"]
[Black "Suarez Triguero, Jose Alfonso"]
[Result "1/2-1/2"]
[WhiteElo "2223"]
[BlackElo "2100"]
[PlyCount "81"]
[EventDate "2016.11.20"]
[EventType "team-tourn"]
[EventRounds "14"]
[EventCountry "ESP"]
[SourceTitle "EXT 2018"]
[Source "ChessBase"]
[SourceDate "2017.10.13"]
[SourceVersion "1"]
[SourceVersionDate "2017.10.13"]
[SourceQuality "1"]
[WhiteTeam "Blanco y Negro"]
[BlackTeam "Liberty Chess"]
[WhiteTeamCountry "ESP"]
[BlackTeamCountry "ESP"]

1. d4 Nf6 2. c4 c5 3. d5 e5 4. Nc3 d6 5. e4 Be7 6. Bd3 Nbd7 7. Nge2 Nf8 8. Ng3 Ng6 9. Nf5 0-0 10. g3 Re8 11. Qf3 Bxf5 12. exf5 e4 13. Bxe4 Ne5 14. Qe2 Nxe4 15. Nxe4 Qd7 16. g4 Bh4 17. 0-0 Re7 18. Nc3 Rae8 19. f4 Ng6 20. Qf3 Nf8 21. Bd2 Bf6 22. Rae1 a6 23. b3 b5 24. Rxe7 Rxe7 25. cxb5 axb5 26. Ne4 Bd4+ 27. Kh1 Qa7 28. Nxd6 Qxa2 29. Rd1 b4 30. f6 Bxf6 31. Ne4 Rxe4 32. Qxe4 Qxb3 33. Rc1 Bd4 34. d6 h6 35. Re1 Nd7 36. Qa8+ Kh7 37. Qe4+ Kg8 38. Kg2 Nf6 39. Qf3 Qc2 40. Re2 b3 41. Be3 1/2-1/2

[Event "Madrid-chT 1617"]
[Site "Madrid"]
[Date "2016.12.11"]
[Round "3.35"]
[White "Garcia Gonzalez, Jesus"]
[Black "Suarez Triguero, Jose Alfonso"]
[Result "1/2-1/2"]
[WhiteElo "2033"]
[BlackElo "2100"]
[PlyCount "188"]
[EventDate "2016.11.20"]
[EventType "team-tourn"]
[EventRounds "14"]
[EventCountry "ESP"]
[SourceTitle "EXT 2018"]
[Source "ChessBase"]
[SourceDate "2017.10.13"]
[SourceVersion "1"]
[SourceVersionDate "2017.10.13"]
[SourceQuality "1"]
[WhiteTeam "Moratalaz"]
[BlackTeam "Liberty Chess"]
[WhiteTeamCountry "ESP"]
[BlackTeamCountry "ESP"]

1. d4 Nf6 2. Bg5 d5 3. Bxf6 exf6 4. e3 c5 5. g3 cxd4 6. exd4 Nc6 7. Bg2 Qb6 8. Qe2+ Be6 9. c3 Be7 10. Nh3 Bxh3 11. Bxh3 0-0 12. 0-0 Rad8 13. Qc2 Qc7 14. Qd3 g6 15. Nd2 f5 16. f4 a6 17. Bg2 b5 18. a4 Qb6 19. axb5 axb5 20. b4 Rd7 21. Rf2 Bf6 22. Nb3 Re8 23. Bf1 Rb8 24. Nc5 Ra7 25. Rfa2 Rxa2 26. Rxa2 Qd8 27. Ra6 Qe8 28. Qe2 Qc8 29. Kh1 Nxd4 30. cxd4 Bxd4 31. Ra2 Bc3 32. Nd3 d4 33. Qe5 Ra8 34. Ra5 Rxa5 35. bxa5 Qa8+ 36. Kg1 Qxa5 37. Qe8+ Kg7 38. Ne5 Qa2 39. Qxb5 d3 40. Qxd3 Qb2 41. Nf3 Bf6 42. Qd2 Qb6+ 43. Kg2 h5 44. Bc4 Qb7 45. Qd5 Qxd5 46. Bxd5 Bc3 47. Ne5 f6 48. Nc4 Bb4 49. Kf3 Bc5 50. Be6 Kf8 51. Ne3 Ke7 52. Bc8 Kf8 53. Nd5 Kg7 54. Be6 Bg1 55. h3 Bc5 56. Nc7 Ba7 57. Nd5 Bc5 58. Ke2 Bd4 59. Ne3 Ba7 60. Nd1 Bd4 61. Nf2 h4 62. g4 fxg4 63. hxg4 g5 64. fxg5 fxg5 65. Ne4 Kh6 66. Kd3 Be5 67. Nf2 Bg3 68. Nh3 Kg6 69. Ke4 Kf6 70. Bc4 Be5 71. Kd5 Bf4 72. Bf1 Be3 73. Ke4 Ba7 74. Bb5 Bb6 75. Kf3 Bd8 76. Nf2 Ke5 77. Bf1 Kd4 78. Ne4 Be7 79. Bg2 Kd3 80. Bf1+ Kd4 81. Nf2 Bd6 82. Ne4 Be7 83. Nd2 Bb4 84. Nc4 Be7 85. Ne3 Ke5 86. Nf5 Bd8 87. Be2 Ba5 88. Ke3 Bb6+ 89. Kf3 Ba5 90. Nh6 Bc7 91. Nf7+ Kf6 92. Bc4 Bb8 93. Ke4 Bc7 94. Ke3 Bb6+ 1/2-1/2

[Event "ESP-ch rapid"]
[Site "Linares"]
[Date "2016.08.14"]
[Round "5"]
[White "Tejedor Fuente, Enrique"]
[Black "Suarez Triguero, Jose Alfonso"]
[Result "1-0"]
[WhiteElo "2377"]
[BlackElo "2100"]
[PlyCount "119"]
[EventDate "2016.08.14"]
[EventType "swiss (rapid)"]
[EventRounds "9"]
[EventCountry "ESP"]
[SourceTitle "CBM 173 Extra"]
[Source "ChessBase"]
[SourceDate "2016.08.29"]
[SourceVersion "1"]
[SourceVersionDate "2016.08.29"]
[SourceQuality "1"]

1. d4 Nf6 2. Nf3 d6 3. c4 Bg4 4. Nbd2 Nbd7 5. h3 Bh5 6. Qb3 Qc8 7. e3 e5 8. g4 Bg6 9. Bg2 c6 10. Nh4 Be7 11. Nxg6 hxg6 12. Qc2 a5 13. 0-0 0-0 14. b3 exd4 15. exd4 d5 16. g5 Nh5 17. cxd5 cxd5 18. Qxc8 Raxc8 19. Bxd5 Bxg5 20. Nc4 Bxc1 21. Raxc1 Nf4 22. Bf3 a4 23. Kh2 axb3 24. axb3 b6 25. Nd6 Rxc1 26. Rxc1 Ne6 27. Nb5 Nf6 28. h4 Rd8 29. Rc4 Nf4 30. Kg3 N4d5 31. Rc6 Kf8 32. Kg2 Nf4+ 33. Kg3 N4d5 34. Kg2 Nf4+ 35. Kg1 N4d5 36. Kh2 Ke7 37. Na3 Rh8 38. Kg3 Kd7 39. Rc1 Nh5+ 40. Bxh5 Rxh5 41. Nc4 f6 42. Ra1 g5 43. Ra7+ Kc6 44. hxg5 Rxg5+ 45. Kf3 Kb5 46. Ra4 Rf5+ 47. Ke4 Nc3+ 48. Kxf5 Nxa4 49. Nd6+ Kc6 50. bxa4 Kxd6 51. Kg6 Kd5 52. Kxg7 Kxd4 53. Kxf6 Kc4 54. Ke5 Kb4 55. f4 Kxa4 56. f5 b5 57. f6 b4 58. f7 b3 59. f8Q b2 60. Qf1 1-0

[Event "Rutas de Cuenca op 3rd"]
[Site "Cuenca"]
[Date "2016.06.18"]
[Round "4"]
[White "Picazo Picazo, Pedro Jesus"]
[Black "Suarez Triguero, Jose Alfonso"]
[Result "0-1"]
[WhiteElo "1957"]
[BlackElo "2094"]
[PlyCount "112"]
[EventDate "2016.06.17"]
[EventType "swiss"]
[EventRounds "7"]
[EventCountry "ESP"]
[SourceTitle "EXT 2019"]
[Source "ChessBase"]
[SourceDate "2018.10.10"]
[SourceVersion "1"]
[SourceVersionDate "2018.10.10"]
[SourceQuality "1"]

1. e4 e6 2. d4 d5 3. Nc3 dxe4 4. Nxe4 Nd7 5. Nf3 Ngf6 6. Nxf6+ Nxf6 7. Be3 Nd5 8. Bd2 Bd7 9. c4 Nf6 10. Bd3 c5 11. 0-0 Be7 12. dxc5 Bxc5 13. Bc3 Bc6 14. Qe2 Qe7 15. Ne5 0-0 16. Nxc6 bxc6 17. Qf3 Bb4 18. Bxb4 Qxb4 19. Rab1 c5 20. a3 Qb6 21. b4 Rab8 22. Qf4 Rbd8 23. bxc5 Qxc5 24. Qf3 Rb8 25. h3 Nd7 26. Qe4 Nf6 27. Qf3 Nd7 28. Qg3 Rxb1 29. Rxb1 Rc8 30. Rb7 Nf6 31. a4 g6 32. Qf4 Kg7 33. Rb5 Qc7 34. Qd4 a6 35. Rb3 e5 36. Qb2 Nd7 37. Rb7 Qd6 38. Be2 Nc5 39. Rb6 Nxa4 40. Rxd6 Nxb2 41. Rxa6 Nxc4 42. Ra7 Nd6 43. Rd7 Rc1+ 44. Bf1 Nf5 45. g3 Nd4 46. Kg2 Ne6 47. Be2 Rc7 48. Rd6 Nd4 49. Bd3 Kf8 50. f4 Rc3 51. Be4 Re3 52. Bd5 exf4 53. gxf4 Nf5 54. Rd7 Re7 55. Rxe7 Kxe7 56. Kf3 Nd6 0-1

[Event "Rutas de Cuenca op 3rd"]
[Site "Cuenca"]
[Date "2016.06.18"]
[Round "3"]
[White "Suarez Triguero, Jose Alfonso"]
[Black "Ruiz Bellon, Manuel"]
[Result "1/2-1/2"]
[WhiteElo "2094"]
[BlackElo "1968"]
[PlyCount "108"]
[EventDate "2016.06.17"]
[EventType "swiss"]
[EventRounds "7"]
[EventCountry "ESP"]
[SourceTitle "EXT 2019"]
[Source "ChessBase"]
[SourceDate "2018.10.10"]
[SourceVersion "1"]
[SourceVersionDate "2018.10.10"]
[SourceQuality "1"]

1. b3 c5 2. c4 Nc6 3. Bb2 e6 4. g3 Nf6 5. Bg2 d5 6. cxd5 exd5 7. Nf3 d4 8. 0-0 Be7 9. Re1 0-0 10. e4 dxe3 11. dxe3 Nb4 12. Nc3 Nd3 13. Re2 Nxb2 14. Rxb2 Bg4 15. Qxd8 Raxd8 16. Ne5 Bc8 17. e4 Be6 18. Nc4 Rd3 19. Rc2 Rfd8 20. Ne3 Ng4 21. Nxg4 Bxg4 22. Nd5 Bd6 23. Rac1 Be6 24. Rc3 Rxc3 25. Rxc3 f5 26. exf5 Bxf5 27. Ne3 Bc8 28. Rd3 Bc7 29. Rxd8+ Bxd8 30. a4 Kf7 31. f4 a6 32. Nc4 Bc7 33. a5 Be6 34. Bxb7 Bxc4 35. bxc4 Bxa5 36. Bxa6 Bc3 37. Kf2 h5 38. Kf3 Kf6 39. Bb7 Bd4 40. Bc6 g6 41. Be4 Bg1 42. h3 Bd4 43. Bc6 Bg1 44. Be8 Bd4 45. Ke4 Bf2 46. f5 gxf5+ 47. Kf3 Bd4 48. Bxh5 Be5 49. Be8 Kg5 50. Ba4 Kf6 51. Bc2 Bd4 52. h4 Be5 53. Bd3 Bd4 54. h5 Kg5 1/2-1/2

[Event "Madrid-chT 1516"]
[Site "Madrid"]
[Date "2016.01.17"]
[Round "6.16"]
[White "De la Orden Alcocer, Alejandro"]
[Black "Suarez Triguero, Jose Alfonso"]
[Result "0-1"]
[WhiteElo "2024"]
[BlackElo "2063"]
[PlyCount "134"]
[EventDate "2015.11.22"]
[EventType "team-tourn"]
[EventRounds "14"]
[EventCountry "ESP"]
[SourceTitle "EXT 2017"]
[Source "ChessBase"]
[SourceDate "2016.10.25"]
[SourceVersion "1"]
[SourceVersionDate "2016.10.25"]
[SourceQuality "1"]
[WhiteTeam "San Fernando de Henares"]
[BlackTeam "Liberty Chess"]
[WhiteTeamCountry "ESP"]
[BlackTeamCountry "ESP"]

1. Nf3 Nf6 2. g3 g6 3. Bg2 c5 4. b3 Bg7 5. Bb2 Nc6 6. c4 0-0 7. 0-0 d6 8. d3 Bd7 9. Nbd2 a5 10. a4 Nb4 11. Rb1 e5 12. Ng5 Bc6 13. Nge4 Qe7 14. Nxf6+ Bxf6 15. Ne4 Bg7 16. Nc3 f5 17. Qd2 Rad8 18. Rbd1 h6 19. Qc1 Kh7 20. Qb1 Qe6 21. e4 f4 22. Bf3 g5 23. g4 Qc8 24. Nb5 Rf6 25. h3 Bd7 26. Kh2 Nc6 27. Bc3 b6 28. Qb2 Ne7 29. Qe2 Ng6 30. Bd2 Nh4 31. Nc3 Be6 32. Nd5 Bxd5 33. exd5 Kg8 34. Be4 f3 35. Qe3 Ng2 36. Qxf3 Rxf3 37. Bxf3 Nf4 38. Be4 Rf8 39. f3 Kf7 40. Rf2 Ke7 41. Kg3 Qe8 42. Rh1 Ng6 43. Rff1 Kd8 44. Kf2 Kc7 45. Ke2 Bf6 46. Rh2 Bd8 47. Kf2 Nh4 48. Kg3 Qf7 49. Be3 Rh8 50. Rfh1 Ng6 51. Bd2 Nf8 52. Be3 Nd7 53. Bd2 Nf6 54. Bf5 Nd7 55. Be4 Nb8 56. Be3 Na6 57. Bc1 Nb4 58. Be3 Rf8 59. Rf1 Kb8 60. Bf5 Ka7 61. Rd1 Bf6 62. Be4 h5 63. Rdh1 h4+ 64. Kg2 Nc2 65. Kf2 Nd4 66. Bxd4 exd4 67. Re1 Be5 0-1

[Event "Rutas de Cuenca op 2nd"]
[Site "Cuenca"]
[Date "2015.06.21"]
[Round "6"]
[White "Suarez Triguero, Jose Alfonso"]
[Black "Pastor Jimenez, Daniel"]
[Result "1/2-1/2"]
[WhiteElo "2082"]
[BlackElo "1973"]
[PlyCount "85"]
[EventDate "2015.06.19"]
[EventType "swiss"]
[EventRounds "7"]
[EventCountry "ESP"]
[SourceTitle "EXT 2019"]
[Source "ChessBase"]
[SourceDate "2018.10.10"]
[SourceVersion "1"]
[SourceVersionDate "2018.10.10"]
[SourceQuality "1"]

1. e4 c5 2. c4 Nc6 3. Ne2 g6 4. d4 cxd4 5. Nxd4 Bg7 6. Be3 d6 7. Nc3 Nf6 8. Be2 0-0 9. 0-0 a6 10. Rc1 Bd7 11. f3 Qa5 12. Qd2 Rfc8 13. Rfd1 Nxd4 14. Bxd4 Bc6 15. Be3 b5 16. cxb5 axb5 17. Nd5 Qxd2 18. Rxd2 Nxd5 19. exd5 Bd7 20. Rxc8+ Rxc8 21. b3 Rc1+ 22. Kf2 b4 23. Bd3 Bc8 24. Rc2 Rxc2+ 25. Bxc2 Bc3 26. Ke2 Bb7 27. Bd2 Bxd2 28. Kxd2 Bxd5 29. Be4 Be6 30. Ke3 f5 31. Bc6 Kf7 32. Kd4 Kf6 33. Bd5 Bxd5 34. Kxd5 e5 35. Kc4 Ke6 36. Kxb4 d5 37. Kc5 e4 38. Kd4 Kd6 39. f4 Kc6 40. a4 Kb6 41. b4 Ka6 42. g3 Kb6 43. Ke3 1/2-1/2

[Event "Madrid-chT 1415"]
[Site "Madrid"]
[Date "2015.03.01"]
[Round "12.16"]
[White "Collado Barbas, Laura"]
[Black "Suarez Triguero, Jose Alfonso"]
[Result "0-1"]
[WhiteElo "2132"]
[BlackElo "2074"]
[PlyCount "126"]
[EventDate "2014.11.23"]
[EventType "team-tourn"]
[EventRounds "14"]
[EventCountry "ESP"]
[SourceTitle "EXT 2016"]
[Source "ChessBase"]
[SourceDate "2015.10.08"]
[SourceVersion "1"]
[SourceVersionDate "2015.10.08"]
[SourceQuality "1"]
[WhiteTeam "Casa del Ajedrez"]
[BlackTeam "Liberty Chess"]
[WhiteTeamCountry "ESP"]
[BlackTeamCountry "ESP"]

1. d4 Nf6 2. c4 c5 3. d5 e5 4. Nc3 d6 5. e4 Be7 6. h3 Nbd7 7. Bd3 Nf8 8. Nge2 Ng6 9. g4 Nh4 10. Ng3 0-0 11. Nf5 Ne8 12. Nxe7+ Qxe7 13. Rg1 Bd7 14. Rg3 Nc7 15. Be3 f6 16. Qe2 g5 17. Qd2 a6 18. a4 Rfb8 19. Ke2 Qe8 20. Bxg5 fxg5 21. Qxg5+ Ng6 22. h4 Qd8 23. Qxd8+ Rxd8 24. h5 Nf4+ 25. Ke3 b5 26. b3 bxa4 27. Nxa4 Bxa4 28. Rxa4 Nxd3 29. Kxd3 Rf8 30. Ke2 Rab8 31. Rc3 Rb6 32. f3 Rfb8 33. Ra3 Kg7 34. Kd2 Kf6 35. Kc2 Kg5 36. Ra1 h6 37. Rg1 a5 38. Ra1 Ra8 39. Kd2 Rbb8 40. Ke2 Na6 41. Rxa5 Nb4 42. Ra4 Rxa4 43. bxa4 Ra8 44. Ra3 Nc2 45. Ra2 Nb4 46. Ra3 Ra5 47. Kd2 Kf4 48. Kd1 Kg3 49. Kd2 Ra8 50. a5 Ra7 51. Kd1 Kf4 52. Kd2 Rb7 53. Ke2 Na6 54. Kd2 Rb2+ 55. Kc1 Rb4 56. Rc3 Ra4 57. Kd2 Rxa5 58. Ke2 Ra2+ 59. Ke1 Nb4 60. Kf1 Ra4 61. Kg2 Ra2+ 62. Kf1 Nc2 63. Rb3 Ne3+ 0-1

[Event "ESP-ch 79th"]
[Site "Linares"]
[Date "2014.08.30"]
[Round "6"]
[White "Trigo Urquijo, Sergio"]
[Black "Suarez Triguero, Jose Alfonso"]
[Result "1-0"]
[WhiteElo "2274"]
[BlackElo "2084"]
[PlyCount "97"]
[EventDate "2014.08.25"]
[EventType "swiss"]
[EventRounds "9"]
[EventCountry "ESP"]
[SourceTitle "CBM 162 Extra"]
[Source "ChessBase"]
[SourceDate "2014.10.17"]
[SourceVersion "1"]
[SourceVersionDate "2014.10.17"]
[SourceQuality "1"]

1. d4 Nf6 2. c4 d6 3. Nc3 e5 4. Nf3 Nbd7 5. e4 Be7 6. Be2 0-0 7. 0-0 Re8 8. Qc2 c6 9. Rd1 Qc7 10. Be3 Bf8 11. Rac1 a6 12. a3 g6 13. b4 Bg7 14. dxe5 dxe5 15. c5 Ng4 16. Bd2 Nf8 17. h3 Nf6 18. Na4 Be6 19. Bc3 N6d7 20. Ng5 Bf6 21. Nxe6 Nxe6 22. Bg4 Rad8 23. Bxe6 Rxe6 24. Nb2 b5 25. cxb6 Nxb6 26. Nd3 Nd7 27. Qa4 Qb6 28. Bb2 Bg5 29. Rc4 Qb5 30. Qc2 Nb6 31. Rc5 Qa4 32. Kf1 Red6 33. Ke2 Qxc2+ 34. Rxc2 f6 35. f3 Na4 36. Bc1 Bxc1 37. Rcxc1 Kf7 38. h4 Ke7 39. Nf2 Rxd1 40. Nxd1 Rc8 41. Ne3 Kd6 42. h5 g5 43. Rc2 Rc7 44. Kd3 Nb6 45. Nc4+ Nxc4 46. Kxc4 g4 47. Rd2+ Ke6 48. Kc5 gxf3 49. Rd6+ 1-0

[Event "ESP-ch 79th"]
[Site "Linares"]
[Date "2014.08.25"]
[Round "1"]
[White "Suarez Triguero, Jose Alfonso"]
[Black "Vazquez Igarza, Renier"]
[Result "0-1"]
[WhiteElo "2084"]
[BlackElo "2603"]
[PlyCount "70"]
[EventDate "2014.08.25"]
[EventType "swiss"]
[EventRounds "9"]
[EventCountry "ESP"]
[SourceTitle "CBM 162 Extra"]
[Source "ChessBase"]
[SourceDate "2014.10.17"]
[SourceVersion "1"]
[SourceVersionDate "2014.10.17"]
[SourceQuality "1"]

1. e4 c5 2. c4 Nc6 3. Ne2 Nf6 4. Nbc3 g6 5. d4 cxd4 6. Nxd4 d6 7. Be2 Bg7 8. Be3 0-0 9. 0-0 Bd7 10. Rc1 Nxd4 11. Bxd4 Bc6 12. f3 a5 13. Nd5 Nd7 14. Re1 Nc5 15. Bxg7 Kxg7 16. Qd4+ e5 17. Qe3 Bxd5 18. cxd5 a4 19. Rc3 Qb6 20. Rb1 Rfc8 21. h4 h5 22. Kh2 Qb4 23. Rc4 Qa5 24. f4 Qd8 25. Qg3 exf4 26. Qxf4 Nd7 27. Rxc8 Rxc8 28. Bb5 Ne5 29. Bxa4 Ng4+ 30. Kg3 Rc4 31. Bb3 Rb4 32. Rc1 Qb6 33. Rf1 f5 34. Re1 Rd4 35. Bd1 Rd3+ 0-1

[Event "Madrid Oliver Gonzalez Memorial 2nd"]
[Site "Madrid"]
[Date "2011.10.12"]
[Round "5"]
[White "Rodriguez Vignote, Javier"]
[Black "Suarez Triguero, Jose Alfonso"]
[Result "0-1"]
[WhiteElo "1934"]
[BlackElo "2079"]
[PlyCount "94"]
[EventDate "2011.10.08"]
[EventType "swiss"]
[EventRounds "9"]
[EventCountry "ESP"]
[SourceTitle "CBM 144 Extra"]
[Source "ChessBase"]
[SourceDate "2011.10.28"]
[SourceVersion "1"]
[SourceVersionDate "2011.10.28"]
[SourceQuality "1"]

1. Nf3 Nf6 2. c4 d6 3. d4 Bg4 4. Nc3 Nbd7 5. e4 e5 6. Be2 Be7 7. 0-0 0-0 8. Be3 c6 9. d5 Bxf3 10. Bxf3 cxd5 11. cxd5 Ne8 12. Qd2 h6 13. Be2 Bg5 14. Rfc1 Bxe3 15. Qxe3 Nef6 16. b4 Qb6 17. Qxb6 Nxb6 18. f3 a6 19. a3 Rfc8 20. Na2 Kf8 21. Rxc8+ Rxc8 22. Rc1 Rxc1+ 23. Nxc1 Ke7 24. Nb3 Kd8 25. Kf2 Ne8 26. Ke3 f5 27. g3 Nf6 28. Nd2 fxe4 29. fxe4 Nc8 30. Nf3 Ne7 31. Nd2 Kc7 32. Nc4 Nc8 33. h3 Nb6 34. Nb2 Nbd7 35. Nc4 Nb6 36. Nb2 Kd7 37. a4 Kc7 38. Bd1 Nc8 39. a5 Ne7 40. Be2 Kd7 41. Na4 Nexd5+ 42. exd5 Nxd5+ 43. Ke4 Nxb4 44. Bg4+ Ke7 45. Bc8 Nc6 46. Bxb7 Nxa5 47. Nb6 Nxb7 0-1

[Event "Madrid-chT 1011"]
[Site "Madrid"]
[Date "2010.12.19"]
[Round "4.16"]
[White "Ballester de Miguel, Miguel Angel"]
[Black "Suarez Triguero, Jose Alfonso"]
[Result "1/2-1/2"]
[WhiteElo "2050"]
[BlackElo "2073"]
[PlyCount "141"]
[EventDate "2010.11.21"]
[EventType "team-tourn"]
[EventRounds "14"]
[EventCountry "ESP"]
[SourceTitle "EXT 2012"]
[Source "ChessBase"]
[SourceDate "2011.11.24"]
[SourceVersion "1"]
[SourceVersionDate "2011.11.24"]
[SourceQuality "1"]
[WhiteTeam "Leganes"]
[BlackTeam "Virgen de Atocha"]
[WhiteTeamCountry "ESP"]
[BlackTeamCountry "ESP"]

1. e4 Nf6 2. e5 Ng8 3. Bc4 d5 4. exd6 exd6 5. d4 d5 6. Bb5+ c6 7. Bd3 Bd6 8. Ne2 Ne7 9. 0-0 0-0 10. Ng3 Ng6 11. Nc3 Qh4 12. Nce2 Nd7 13. Qd2 Re8 14. Qg5 Qxg5 15. Bxg5 Ndf8 16. Rae1 Bd7 17. Bd2 Rad8 18. f4 f6 19. f5 Ne7 20. h4 Kf7 21. Rf3 Ng8 22. h5 Nh6 23. Bxh6 gxh6 24. Kf2 c5 25. c3 b6 26. Nf1 Bc6 27. Ne3 Nd7 28. Ng4 Kg7 29. Nf4 Rxe1 30. Kxe1 Bxf4 31. Rxf4 Nb8 32. Ne3 Be8 33. Be2 Nc6 34. a3 c4 35. Bf3 Bf7 36. Nxc4 Nxd4 37. Rxd4 Re8+ 38. Kf2 dxc4 39. Rd7 Kf8 40. Rxa7 Re5 41. a4 Rxf5 42. Ra6 Bxh5 43. Rxb6 Bf7 44. Rb5 Rxb5 45. axb5 Ke7 46. Ke3 Kd6 47. b6 h5 48. b7 Kc7 49. Kd4 h4 50. Ke3 Be6 51. Kd4 h5 52. Kc5 Bg4 53. Bd5 h3 54. gxh3 Bxh3 55. Kd4 Bf1 56. Ke3 h4 57. Kf2 Bd3 58. Kg2 Bf5 59. b8Q+ Kxb8 60. Bxc4 Bg4 61. Bd5 Kc7 62. c4 Kd6 63. b4 f5 64. Kf2 f4 65. Bg2 h3 66. c5+ Ke5 67. Bh1 Kd4 68. Bb7 Ke5 69. c6 f3 70. Kg3 Kd4 71. c7 1/2-1/2

[Event "Madrid Oliver Gonzalez Memorial 1st"]
[Site "Madrid"]
[Date "2010.10.11"]
[Round "3"]
[White "Tolosana Esteban, Enrique"]
[Black "Suarez Triguero, Jose Alfonso"]
[Result "1-0"]
[WhiteElo "1772"]
[BlackElo "2099"]
[PlyCount "35"]
[EventDate "2010.10.09"]
[EventType "swiss"]
[EventRounds "9"]
[EventCountry "ESP"]
[SourceTitle "CBM 138 Extra"]
[Source "ChessBase"]
[SourceDate "2010.10.29"]
[SourceVersion "1"]
[SourceVersionDate "2010.10.29"]
[SourceQuality "1"]

1. f4 d6 2. e4 Nf6 3. e5 Ng8 4. Nf3 Bg4 5. Be2 c5 6. h3 Bd7 7. 0-0 Nc6 8. b3 d5 9. Ba3 e6 10. d4 b6 11. c3 h5 12. Qe1 Nh6 13. Qf2 cxd4 14. Bxf8 Kxf8 15. cxd4 Nf5 16. Bd3 h4 17. Bxf5 exf5 18. Nc3 1-0

[Event "Madrid Oliver Gonzalez Memorial 1st"]
[Site "Madrid"]
[Date "2010.10.09"]
[Round "1"]
[White "Tevar Becerra, Alvaro"]
[Black "Suarez Triguero, Jose Alfonso"]
[Result "0-1"]
[WhiteElo "1449"]
[BlackElo "2099"]
[PlyCount "52"]
[EventDate "2010.10.09"]
[EventType "swiss"]
[EventRounds "9"]
[EventCountry "ESP"]
[SourceTitle "CBM 138 Extra"]
[Source "ChessBase"]
[SourceDate "2010.10.29"]
[SourceVersion "1"]
[SourceVersionDate "2010.10.29"]
[SourceQuality "1"]

1. e4 Nf6 2. Nc3 d5 3. Qf3 dxe4 4. Nxe4 Nxe4 5. Qxe4 Nd7 6. d4 Nf6 7. Qf4 Nd5 8. Qe4 e6 9. Bc4 Bb4+ 10. c3 Nxc3 11. bxc3 Bxc3+ 12. Ke2 Bxa1 13. Nf3 Qe7 14. Bb5+ c6 15. Bxc6+ bxc6 16. Qxc6+ Qd7 17. Qxa8 0-0 18. Qe4 Ba6+ 19. Ke3 Qb5 20. Ba3 Bc3 21. Bxf8 Qe2+ 22. Kf4 Qxf2 23. Qa8 e5+ 24. Kxe5 Qe3+ 25. Qe4 f6+ 26. Kf5 Bc8+ 0-1

[Event "Madrid Villaverde op 10th"]
[Site "Madrid"]
[Date "2009.04.02"]
[Round "8"]
[White "Suarez Triguero, Jose Alfonso"]
[Black "Adedeji, Adekola"]
[Result "1-0"]
[WhiteElo "2115"]
[BlackElo "2001"]
[PlyCount "79"]
[EventDate "2009.03.23"]
[EventType "swiss"]
[EventRounds "8"]
[EventCountry "ESP"]
[SourceTitle "CBM 129 Extra"]
[Source "ChessBase"]
[SourceDate "2009.05.05"]
[SourceVersion "2"]
[SourceVersionDate "2009.05.20"]
[SourceQuality "1"]

1. e4 e5 2. Bc4 Be7 3. Qh5 Nh6 4. d3 0-0 5. Bxh6 gxh6 6. Nf3 d6 7. Qxh6 Bf6 8. h4 Bg7 9. Qh5 Qf6 10. Nc3 c6 11. Qg5 h6 12. Qxf6 Bxf6 13. g4 Bxg4 14. Rg1 h5 15. Nh2 Kh7 16. Nxg4 hxg4 17. Rxg4 a5 18. a4 Nd7 19. Ke2 Nc5 20. Rag1 Rae8 21. Bb3 Ne6 22. Bxe6 Rxe6 23. Nd1 d5 24. Ne3 dxe4 25. dxe4 Bh8 26. Rd1 Bf6 27. Nf5 Rg8 28. Rxg8 Kxg8 29. Rd6 Rxd6 30. Nxd6 b6 31. h5 Kf8 32. Nf5 Ke8 33. Kf3 Kd7 34. Kg4 Kc7 35. h6 b5 36. Ng7 Kd7 37. Kf5 Ke7 38. b3 b4 39. f3 c5 40. Nh5 1-0